000 00719nam a2200205 4500
999 _c13830
_d13830
020 _a9789710092543
082 _aFil. 221.9505 A4333w 2013
100 _aAlba, Beng
245 _aWhat's in Jochebed's basket? /
_cretold by Beng Alba ; illustrated by Ingrid Camille G. Tan
260 _aMetro Manila
_bOMF Literature Inc.
_cc2013
300 _a31 pages :
_bchiefly colored illustrations ;
_c22.5 x 17 cm
490 _aWow god!
526 _a200-299
_d220
650 _aMoses -- (Biblical leader)
650 _aBible stories, English -- Juvenile literature
650 _aTrust in God in the Bible
650 _aChildren's stories, Philippine (English)
650 _aChildren's stories, Tagalog
942 _2ddc
_cBK